| 000 | 00942cam a22003017a 4500 | ||
|---|---|---|---|
| 003 | CHAP | ||
| 005 | 20220329133942.0 | ||
| 008 | 971013s1970 r 00010 d | ||
| 010 | _a13164 | ||
| 011 | _a14136 | ||
| 035 | _a18209 | ||
| 040 | _cCHAP | ||
| 082 |
_a631.44 _bB3 |
||
| 100 | 0 | 0 |
_aBazilevich, N. I. _911027 |
| 245 | 1 | 4 | _aThe geochemistry of soda soils |
| 260 |
_aJeruralen, Israel : _bProgram for Scientific Translations, _c1970 |
||
| 300 |
_a392 p. _b: ilus. mapas |
||
| 590 |
_aBATCH-UPD _b10 _c20130110 _lUCH01 _h1525 |
||
| 590 |
_aBATCH-UPD _b10 _c20130410 _lUCH01 _h0935 |
||
| 590 |
_aBATCH-UPD _b10 _c20130914 _lUCH01 _h2036 |
||
| 590 |
_aCONVERSION _b10 _c20130109 _lUCH01 _h1309 |
||
| 650 | 1 | 4 |
_aSuelos salinos. _9110558 |
| 650 | 1 | 4 |
_aSuelos _xElementos minerales. _9110356 |
| 650 | 1 | 4 |
_aSuelos _xFormación. _9110377 |
| 901 | _aBK | ||
| 942 | _cLIBRO | ||
| 949 |
_a631.44 B3 _bBC _cLIBRO _d33724000070744 _eLIBRO _h29353 _i18209 _si |
||
| 999 |
_c13164 _d13164 |
||